Das alte Ägypten Forschungsarbeiten zur frühen Kultur der Menschheit

Bibliographic Details
Main Author: Langner, Ulrich, 1970- (Author)
Format: Book
Language:German
PhysicalDescription:369 s. ilustr. 21 cm
Published: Frankfurt am Main Peter Lang c2007
ISBN:3631560060
9783631560068
Subjects:

MARC

LEADER 00000nam a2200000 a 4500
001 vtls009092871
003 SK-MaSNL
005 20260301081213.0
008 240314s2007 gw ab g 001 0 ger
020 |a 3631560060  |q (brož.) 
020 |a 9783631560068 
040 |a SNK  |b slo  |c SNK  |e AACR2 
041 0 |a ger 
043 |a f-ua--- 
044 |a gw  |a sz  |a be  |a xxu  |a xxk  |a au  |c DE  |c CH  |c BE  |c US  |c GB  |c AT 
072 7 |a 930.85  |x Dejiny civilizácie. Kultúrne dejiny  |2 konspekt 
080 |a 316.72/.75  |2 2001 
080 |a 94(32)  |2 2001 
080 |a 930.85  |2 2001 
080 |a (32)  |2 2001 
080 |a (048.8)  |2 2001 
100 1 |a Langner, Ulrich,  |d 1970-  |4 aut  |9 404114 
245 1 4 |a Das alte Ägypten  |b Forschungsarbeiten zur frühen Kultur der Menschheit  |c Ulrich Langner 
246 3 0 |a Forschungsarbeiten zur frühen Kultur der Menschheit 
260 |a Frankfurt am Main  |b Peter Lang  |c c2007 
300 |a 369 s.  |b ilustr.  |c 21 cm 
504 |a Obsahuje bibliogr. 
650 0 7 |a kultúra a spoločnosť  |2 SNKPH  |9 4083 
651 7 |a staroveký Egypt  |2 SNKPH  |9 68598 
655 7 |a monografie  |2 SNKPH  |9 70139 
919 |a 3-631-50006-0 
919 |a 978-3-631-56006-8 
999 |c 655244  |d 657174 
952 |t snkLAN 94(32)  |a SNKUST  |b SNKUST  |y PREZ  |7 0  |p 17A0561607  |o snkIC 135531  |i snk2007/22362  |8 2  |g 63.33  |0 0  |1 0  |4 0  |d 2007-09-10  |l 0  |r 2025-04-30 00:00:00  |w 2026-02-23